Statistics for WW2: The Pacific Theatre

Click here to take the quiz!

General Stats

  • This quiz has been taken 237 times
    (231 since last reset)
  • The average score is 9 of 16

Answer Stats

Statements Answer% Correct
The battle of ____ was the turning point of the war in the pacific Midway
98%
The famous picture, raising the flag on ____ , by Joe Rosenthal, was taken on this islandIwo Jima
83%
The United States dropped their first atomic bomb on this Japanese city Hiroshima
82%
The bloodiest battle of the pacific theatreThe battle of Okinawa
77%
Jimmy Doolittle, organized a bombing raid over this Japanese city. “30 seconds over ____”Tokyo
72%
General Douglas MacArthur says “I shall return” after leaving these Islands The Philippine islands
61%
As Japan invades China, China was also going through this kind of war, with itself Civil war
56%
Admiral of The Japanese Imperial NavyIsoroku Yamamoto
55%
A puppets state of Japan. It boarders both China, and the Soviet UnionManchukuo
55%
Admiral of the United States NavyChester Nimitz
53%
The first major offensive, and decisive win, for the alliesGauadlacanal campaign
47%
The United States sunk this amount of Japanese aircraft carriers during the battle of MidwayFour
45%
This battle, was the only sea battle fought with only aircraft. The battle ended in a drawBattle of Coral Sea
36%
Some Japanese aircraft carries were once this kind of warshipCruisers
23%
The name of the war between China and Japan The Second Sino-Japanese War
20%
This combined army of Oceania, was defending a British naval base in Singapore ANZAC (Australia and New Zealand army corps)
15%

Score Distribution

Percentile by Number Answered

Percent of People with Each Score

Your Score History

You have not taken this quiz since the last reset